000 00805nas a2200277 4500
001 BR9201288
003 BR-BrBNA
005 20231205092400.0
007 ta
008 230509b bl.|||p| |||| 00| 00por d
040 _aBR-BrBNA
_bpor
_cBiblioteca Nacional de Agricultura
041 _a(Pt)
072 _aL10
100 1 _aMies Filho, A.
100 1 _aHoogstraten, M.I.M.J. Van
100 1 _aScheid, I.R.
245 1 _aCongelabilidade do semen suino. Variacao individual
650 _aSUÍNO
650 _aSEMEN
650 _aREPRODUTOR
650 _aINSEMINACAO ARTIFICIAL
650 _aCONGELAMENTO
773 0 _tRevista Brasileira de Reproducao Animal (Brazil)
_xISSN 0102-0803
_g(1978), v. 2(2) p. 21-24
_wBR9201288
909 _a202311
_bLúcia
_c55
_dLúcia Elande
942 _2AGRIS
_n0
_cANA
999 _c131313
_d131313